header

Alciphronis Rhetoris (Record no. 105869)

MARC details
000 -LEADER
fixed length control field 01464nam a2200361 a 4500
100 0# - MAIN ENTRY--AUTHOR NAME
Personal name Alciphron.
245 10 - TITLE STATEMENT
Title Alciphronis Rhetoris
250 ## - EDITION STATEMENT
Edition statement Editio stereotypa editionis anni 1905.
260 ## - PUBLICATION, DISTRIBUTION, ETC. (IMPRINT)
Place of publication Stutgardiae :
Name of publisher In aedibus B.G. Teubneri,
Year of publication 1969.
300 ## - PHYSICAL DESCRIPTION
Number of Pages xxv, 225 p. :
Other physical details facsims. (1 fold.).
500 ## - GENERAL NOTE
General note Text in Greek: introductory matter in Latin.
650 #0 - SUBJECT ADDED ENTRY--TOPICAL TERM
Topical Term Greek prose literature.
Topical Term Imaginary letters.
Topical Term Greek letters.
700 1# - ADDED ENTRY--PERSONAL NAME
Personal name Schepers, M. A.
856 40 - ELECTRONIC LOCATION AND ACCESS
Uniform Resource Identifier http://site.ebrary.com/lib/rucke/Doc?id=10591148

No items available.

© 2026 Rongo University
Contact us: librarian | system librarian | Rongo university